|
|
|
|
| LEADER |
00000nab a2200000 a 4500 |
| 001 |
vtls000775848 |
| 003 |
SK-MaSNL |
| 005 |
20260319074949.0 |
| 008 |
160405c2001 xo 0 hun |
| 015 |
|
|
|a SNBRB2001/11-33909
|
| 035 |
|
|
|a CLN000127635
|
| 040 |
|
|
|a SNKBUCL
|b slo
|c SNKBUCL
|e AACR2
|
| 041 |
0 |
|
|a hun
|
| 044 |
|
|
|a xo
|c SK
|
| 080 |
|
|
|a 793.31:784.4
|2 1997
|
| 080 |
|
|
|a 784.4
|2 1997
|
| 100 |
1 |
|
|a Csanaky, Eleonóra,
|d 1958-
|4 ain
|9 58807
|
| 245 |
1 |
0 |
|a Tűz, virtus, jó hangulat
|b amit érdemes megnézni: az 50 éves Magyar Állami Népi Együttes műsora
|c Csanaky Eleonóra, Mihályi Gábor
|
| 300 |
|
|
|b Fotogr.
|
| 610 |
|
7 |
|a Magyar Állami Népi Együttes (folklórny súbor : Budapešť, Maďarsko)
|2 snkbucl
|9 850677
|
| 655 |
|
7 |
|a články z novín a časopisov
|2 snkbucl
|9 267496
|
| 700 |
1 |
|
|a Mihályi, Gábor,
|d 1923-
|4 aut
|4 uin
|9 17125
|
| 773 |
0 |
|
|x 1335-6631
|t Szabad újság
|g Roč. 9, č. 43 (2001), s. 9
|
| 850 |
|
|
|a Slovenská národná knižnica v Martine
|
| 852 |
|
|
|a SNK
|b KIS3GCP
|
| 958 |
|
|
|a HU
|
| 958 |
|
|
|a RBX
|
| 999 |
|
|
|c 1367949
|d 1369879
|